000 01070naa a22002897a 4500
001 BR8700541
003 BR-BrBNA
005 20240918175734.0
007 ta
008 230509b bl.||||| |||| 00| 0 por d
040 _aBR-BrBNA
_bpor
_cBiblioteca Nacional de Agricultura
041 _a(Pt)
072 _aF04
_b2120
_b3820
_b3810
090 _aF04 BR8700541
100 1 _aViana, A.S.
111 1 _a10. Congresso Brasileiro de Pesquisas Cafeeiras
_cPocos de Caldas, MG (Brazil)
_d29 Aug 1983
245 1 _aEstudo de doses e parcelamento de N e K em cafeeiros sobre solos LEd e TRe
260 3 _aRio de Janeiro, RJ (Brasil):
_c1983.
500 _aAnais do 10. Congresso Brasileiro de Pesquisas Cafeeiras Rio de Janeiro, RJ (Brasil): 1983. p. 270-275 (BR8700541-AM)F04
650 _aCAFE
650 _aADUBACAO
650 _aNITROGENIO
650 _aPOTASSIO
773 0 _tAnais do 10. Congresso Brasileiro de Pesquisas Cafeeiras
_wF04 BR8700541
_gRio de Janeiro, RJ (Brasil), 1983. p. 270-275
909 _a202404
_bLucia
_c55
_dLucia Elande
942 _cAM
_2AGRIS
999 _c317983
_d317983